Coupe du Monde 1962 - Un Joueur par équipe - Statistiques

Statistiques générales
  • Ce quiz a été pris 47 fois
  • Le résultat moyen est 9 sur 16
Statistiques - réponses
Hint Réponse % Correct
Bobby Charlton Angleterre
91%
Garrincha Brésil
89%
Lev Yachine URSS
89%
Eusebio Escobar Colombie
71%
Gianni Rivera Italie
71%
Drazen Jerković Yougoslavie
63%
Uwe Seeler Allemagne de l'Ouest
60%
Roger Vonlanthen Suisse
60%
Panayot Panayotov Bulgarie
57%
Alfredo Di Stéfano Espagne
51%
Flórián Albert Hongrie
51%
Josef Masopust Tchécoslovaquie
43%
Antonio Carbajal Mexique
31%
Héctor Facundo Argentine
29%
Leonel Sánchez Chili
26%
William Martínez Uruguay
9%
Aucun quiz correspondant
Distribution des résultats
% des personnes avec chaque résultat
Percentile par nombre de réponses
Votre historique - résultats
Vous n’avez pas pris ce quiz